Statistics for Countries in Southeast Asia With an Empty Map

Click here to take the quiz!

General Stats

  • This quiz has been taken 38,765 times
  • The average score is 10 of 11

Answers on the Map

Answers color-coded by a green-red scale on the quiz's map according to % correct below.
Loading ...
 

Answer Stats

Countries% Correct
Indonesia
98%
Thailand
98%
Vietnam
98%
Laos
97%
Cambodia
96%
Malaysia
96%
Myanmar
93%
Singapore
92%
Philippines
90%
Brunei
85%
East Timor
84%

Score Distribution

Percentile by Number Answered

Percent of People with Each Score

Your Score History

You have not taken this quiz